| 000 | 00449nam a2200181Ia 4500 | ||
|---|---|---|---|
| 005 | 20250423100626.0 | ||
| 008 | 250422s9999 xx 000 0 und d | ||
| 020 | _a0-201-61247-X | ||
| 050 | _aQA 76.9.D3 .R52/ | ||
| 100 | _aGreg Riccardi | ||
| 245 | 0 | _aPrinciples Of Data Base System | |
| 260 | _aBoston | ||
| 260 | _bAddison-Wesley Publishing Company | ||
| 260 | _c2001 | ||
| 300 | _a518 p | ||
| 650 | _aData Base Management | ||
| 942 | _cBK | ||
| 999 |
_c33867 _d33867 |
||